<?xml version='1.0' encoding='UTF-8'?>
  <record xmlns="http://www.loc.gov/MARC21/slim">
    <leader>00000ctm a22000007a 4500</leader>
    <controlfield tag="001">ocn965406600</controlfield>
    <controlfield tag="003">OCoLC</controlfield>
    <controlfield tag="005">20250308181138.9</controlfield>
    <controlfield tag="008">150415q13001410ne            000 0 lat d</controlfield>
    <datafield tag="040" ind1=" " ind2=" ">
      <subfield code="a">QGJ</subfield>
      <subfield code="b">dut</subfield>
      <subfield code="c">QGJ</subfield>
      <subfield code="d">OCLCA</subfield>
      <subfield code="d">QGJ</subfield>
      <subfield code="d">OCLCL</subfield>
      <subfield code="d">QGJ</subfield>
      <subfield code="d">OCLCQ</subfield>
    </datafield>
    <datafield tag="035" ind1=" " ind2=" ">
      <subfield code="a">(OCoLC)965406600</subfield>
    </datafield>
    <datafield tag="100" ind1="0" ind2=" ">
      <subfield code="a">Henricus de Langenstein,</subfield>
      <subfield code="d">1325-1397.</subfield>
      <subfield code="e">author.</subfield>
      <subfield code="4">aut</subfield>
    </datafield>
    <datafield tag="245" ind1="1" ind2="0">
      <subfield code="a">De discretione spirituum /</subfield>
      <subfield code="c">Henricus de Langenstein.</subfield>
      <subfield code="f">UBU Hs. 1585 (Hs 7 F 33).</subfield>
    </datafield>
    <datafield tag="246" ind1="3" ind2=" ">
      <subfield code="a">Tractatus de discretione spirituum</subfield>
    </datafield>
    <datafield tag="260" ind1=" " ind2=" ">
      <subfield code="a">[Northern Netherlands],</subfield>
      <subfield code="c">[1300-1410]</subfield>
    </datafield>
    <datafield tag="300" ind1=" " ind2=" ">
      <subfield code="a">132 fols. ;</subfield>
      <subfield code="c">157 x 110 mm.</subfield>
    </datafield>
    <datafield tag="336" ind1=" " ind2=" ">
      <subfield code="a">text</subfield>
      <subfield code="b">txt</subfield>
      <subfield code="2">rdacontent</subfield>
    </datafield>
    <datafield tag="337" ind1=" " ind2=" ">
      <subfield code="a">unmediated</subfield>
      <subfield code="b">n</subfield>
      <subfield code="2">rdamedia</subfield>
    </datafield>
    <datafield tag="338" ind1=" " ind2=" ">
      <subfield code="a">volume</subfield>
      <subfield code="b">nc</subfield>
      <subfield code="2">rdacarrier</subfield>
    </datafield>
    <datafield tag="340" ind1=" " ind2=" ">
      <subfield code="a">parchment</subfield>
      <subfield code="k">fols. 1-30, 84-132: 1 column; fols. 32-83: 2 columns, littera textualis.</subfield>
    </datafield>
    <datafield tag="500" ind1=" " ind2=" ">
      <subfield code="a">Preliminary title.</subfield>
    </datafield>
    <datafield tag="500" ind1=" " ind2=" ">
      <subfield code="a">Fols. 31, 107 blank.</subfield>
    </datafield>
    <datafield tag="500" ind1=" " ind2=" ">
      <subfield code="a">Dating: fols. 1-30, 84-132: early 15th century; fols. 32-83: 14th century.</subfield>
    </datafield>
    <datafield tag="500" ind1=" " ind2=" ">
      <subfield code="a">Contains also: Breviloquium S. Scripturae / Bonaventura; Tractatus de otio sancto et de iusto negotio; De nativitate Domini / Gerardus Magnus.</subfield>
    </datafield>
    <datafield tag="500" ind1=" " ind2=" ">
      <subfield code="a">"Breviloquium S. Scripturae" followed by: Dicta Augustini de virtutibus psalmorum.</subfield>
    </datafield>
    <datafield tag="500" ind1=" " ind2=" ">
      <subfield code="a">Contains a copper engraving in the beginning and a woodcut by Albert D©ơrer at the end.</subfield>
    </datafield>
    <datafield tag="524" ind1=" " ind2=" ">
      <subfield code="a">Cite as: Universiteitsbibliotheek Utrecht Hs. 1585 (Hs 7 F 33).</subfield>
    </datafield>
    <datafield tag="561" ind1=" " ind2=" ">
      <subfield code="a">According to notes on fols. 1r, 32r, 84r and 108r owned by the Tertiaries of St. Cecilia, Utrecht.</subfield>
    </datafield>
    <datafield tag="561" ind1=" " ind2=" ">
      <subfield code="a">In 1816 auctioned at B. Scheurleer &amp; A. Bakhuyzen, The Hague: catalogue d'une tr©·s belle collection de livres en divers genres de litterature et langues [...], suivi d'un appendix d'autheurs Latins et traduction en Fran©ʹois en quelques curiosit©♭s, delaiss©♭ par [...] J.Th. Royer. P. 69, no. 16.</subfield>
    </datafield>
    <datafield tag="581" ind1=" " ind2=" ">
      <subfield code="a">A. Hulshof, Catalogus codicum manu scriptorum Bibliothecae Universitatis Rheno-Traiectinae. II. Traiecti ad Rhenum 1909. P. 72-73.</subfield>
    </datafield>
    <datafield tag="581" ind1=" " ind2=" ">
      <subfield code="a">Gerardus Magnus, Het 'Tractatus de quatuor generibus meditationum sive contemplationum' of 'Sermo de nativitate Domini'. Uitg. door A. Hyma. Utrecht 1924. p. 296-326 (tekstuitgave)</subfield>
      <subfield code="3">Fol. 108v-132v.</subfield>
    </datafield>
    <datafield tag="581" ind1=" " ind2=" ">
      <subfield code="a">J.G.J. Tiecke, De werken van Geert Groote. Dissertatie Nijmegen. Utrecht, etc. 1941. P. 128-129.</subfield>
    </datafield>
    <datafield tag="581" ind1=" " ind2=" ">
      <subfield code="a">Gerardus Magnus, Il trattato 'De quattuor generibus meditabilium'. Introd., ed., trad. e note a cura di I. Tolomio. Padova 1975. (= Pubblicazioni dell' Istituto di Storia della Filosofia en del Centro per Ricerche di Filosofia Medioevale, N.S. 18). passim (tekstuitgave)</subfield>
      <subfield code="3">Fol. 108r-132v.</subfield>
    </datafield>
    <datafield tag="581" ind1=" " ind2=" ">
      <subfield code="a">Th. Hohmann, 'Initienregister der Werke Heinrichs von Langenstein', in: Traditio 32 (1976), p. 418 nr. 219.</subfield>
    </datafield>
    <datafield tag="581" ind1=" " ind2=" ">
      <subfield code="a">R.Th. Buijk, Musicalia in 15e eeuwse handschriften en ouder uit het bezit van de Utrechtse Universiteitsbibliotheek. Utrecht 1984 (getypte scriptie Muziekwetenschap). i.v.</subfield>
    </datafield>
    <datafield tag="581" ind1=" " ind2=" ">
      <subfield code="a">Handschriften en oude drukken van de Utrechtse Universiteitsbibliotheek. Catalogus bij de tentoonstelling in het Centraal Museum te Utrecht ter gelegenheid van het 400-jarig bestaan van de bibliotheek der Rijksuniversiteit, 1584-1984. Utrecht 1984. P. 111-114 nr. 43, afb. op p. 112.</subfield>
    </datafield>
    <datafield tag="581" ind1=" " ind2=" ">
      <subfield code="a">M.Th. Wieser, Die handschriftliche Überlieferung der Werke des heiligen Augustinus VIII.1: Belgien, Luxembourg und Niederlande. Werkverzeichnis. Wien 2000 (= Sitzungsberichte der Österreichische Akademie der Wissenschaften. Phil.-Hist. Klasse 685) p. 164.</subfield>
    </datafield>
    <datafield tag="581" ind1=" " ind2=" ">
      <subfield code="a">M. Th. Wieser, Die Handschriftliche Überlieferung der Werke des heiligen Augustinus Bd. VIII/2. Belgien, Luxemburg und Niederlande. Verzeichnis nach Bibliotheken. Wien 2000 (= Sitzungsberichte der Österreichische Akademie der Wissenschaften. Phil.-Hist. Klasse 685) p. 311.</subfield>
    </datafield>
    <datafield tag="581" ind1=" " ind2=" ">
      <subfield code="a">R.Th.M. van Dijk, 'Prolegomena ad Gerardi Magni Opera Omnia', in: Corpus Christianorum Continuatio mediaevalis 192. Turnhout, 2003. P. 7-744. P. 363.</subfield>
    </datafield>
    <datafield tag="541" ind1=" " ind2=" ">
      <subfield code="a">Koninklijke Bibliotheek;</subfield>
      <subfield code="b">'s-Gravenhage;</subfield>
      <subfield code="c">Exchange;</subfield>
      <subfield code="d">before 1909</subfield>
      <subfield code="e">Hs 72 J 21.</subfield>
      <subfield code="5">NL-UtRU</subfield>
    </datafield>
    <datafield tag="655" ind1=" " ind2="7">
      <subfield code="a">Handschriften (vorm)</subfield>
      <subfield code="0">088143309</subfield>
      <subfield code="2">gtt</subfield>
    </datafield>
    <datafield tag="700" ind1="0" ind2=" ">
      <subfield code="a">Bonaventura,</subfield>
      <subfield code="d">1217-1274.</subfield>
      <subfield code="e">author</subfield>
      <subfield code="t">Breviloquium Sanctae Scripturae.</subfield>
      <subfield code="4">aut</subfield>
    </datafield>
    <datafield tag="700" ind1="0" ind2=" ">
      <subfield code="a">Gerardus Magnus,</subfield>
      <subfield code="d">1340-1384.</subfield>
      <subfield code="e">author</subfield>
      <subfield code="4">aut</subfield>
      <subfield code="t">De nativitate Domini.</subfield>
    </datafield>
    <datafield tag="700" ind1="1" ind2=" ">
      <subfield code="a">Dürer, Albrecht,</subfield>
      <subfield code="d">1471-1528,</subfield>
      <subfield code="e">woodcutter.</subfield>
      <subfield code="4">wdc</subfield>
      <subfield code="1">https://id.oclc.org/worldcat/entity/E39PBJt8g9tpHbdFmDrhxcQyVC</subfield>
    </datafield>
    <datafield tag="700" ind1="1" ind2=" ">
      <subfield code="a">Royer, J.Th.</subfield>
      <subfield code="q">(Jean Theodore),</subfield>
      <subfield code="d">1737-1807,</subfield>
      <subfield code="e">former owner.</subfield>
      <subfield code="4">fmo</subfield>
      <subfield code="5">NL-UtRU</subfield>
      <subfield code="1">https://id.oclc.org/worldcat/entity/E39PBJkXqQRrgtWfKVcyBKK68C</subfield>
    </datafield>
    <datafield tag="710" ind1="1" ind2=" ">
      <subfield code="a">St. Caeciliaklooster (Utrecht)</subfield>
      <subfield code="e">former owner.</subfield>
      <subfield code="4">fmo</subfield>
      <subfield code="5">NL-UtRU</subfield>
    </datafield>
    <datafield tag="710" ind1="2" ind2=" ">
      <subfield code="a">Koninklijke Bibliotheek ('s-Gravenhage)</subfield>
      <subfield code="e">former owner.</subfield>
      <subfield code="4">fmo</subfield>
      <subfield code="5">NL-UtRU</subfield>
    </datafield>
    <datafield tag="740" ind1="0" ind2=" ">
      <subfield code="a">Tractatus de otio sancto et de justo negotio.</subfield>
    </datafield>
    <datafield tag="740" ind1="0" ind2=" ">
      <subfield code="a">Sermo de nativitate Domini.</subfield>
    </datafield>
    <datafield tag="856" ind1="4" ind2="1">
      <subfield code="u">http://objects.library.uu.nl/reader/resolver.php?obj=002657100&amp;type=2</subfield>
      <subfield code="x">Online</subfield>
      <subfield code="z">Full Text</subfield>
    </datafield>
    <datafield tag="936" ind1=" " ind2=" ">
      <subfield code="a">BATCHLOAD</subfield>
    </datafield>
  </record>